Cien años de soledad (Registro nro. 23463)

Detalles MARC
000 -CABECERA
Longitud fija campo de control 00619nam a22002057a 4500
003 - IDENTIFICADOR DELl NÚMERO DE CONTROL
Identificador del número de control OSt
005 - FECHA Y HORA DE LA ÚLTIMA TRANSACCIÓN
Fecha y hora de la última transacción 20160113163608.0
008 - CÓDIGOS DE INFORMACIÓN DE LONGITUD FIJA
Códigos de información de longitud fija 150128b xxu||||| |||| 00| 0 eng d
020 ## - NÚMERO INTERNACIONAL NORMALIZADO PARA LIBROS
Número Internacional Normalizado para Libros (ISBN) 84-226-2025-1
040 ## - FUENTE DE LA CATALOGACIÓN
Centro transcriptor BMC
082 ## - NÚMERO DE LA CLASIFICACIÓN DECIMAL DEWEY
Númeroo de clasificación 863.99361
100 1# - PUNTO DE ACCESO PRINCIPAL-NOMBRE DE PERSONA
9 (RLIN) 13829
Nombre de persona García Márquez, Gabriel
Fechas asociadas al nombre 1927-2014
245 10 - MENCIÓN DE TÍTULO
Título Cien años de soledad
Mención de responsabilidad, etc. Gabriel García Márquez ; introducción de, Juan Cueto
260 ## - PUBLICACIÓN, DISTRIBUCIÓN, ETC. (PIE DE IMPRENTA)
Lugar de publicación, distribución, etc. Barcelona
Nombre del editor, distribuidor, etc. Circulo de lectores
Fecha de publicación, distribución, etc. 1986
300 ## - DESCRIPCIÓN FÍSICA
Extensión 309 p.
Otras características físicas 21 cm
490 ## - MENCIÓN DE SERIE
Mención de serie Maestros de la narrativa hispánica
650 24 - PUNTO DE ACCESO ADICIONAL DE MATERIA - TÉRMINO DE MATERIA
9 (RLIN) 29652
Término de materia o nombre geográfico como elemento inicial Novela colombiana
700 1# - PUNTO DE ACCESO ADICIONAL - NOMBRE DE PERSONA
9 (RLIN) 37374
Nombre de persona Cueto, Juan
942 ## - ENTRADA DE ELEMENTOS AGREGADOS (KOHA)
Fuente de clasificaión o esquema Dewey Decimal Classification
Koha [por defecto] tipo de item 1- Monografias
Existencias
Suprimido Perdido Fuente de clasificación o esquema Estropeado No para préstamo Código de colección Localización permanente Localización actual Localización en estanter&íacute;as Fecha adquisición Fuente de adquisición Número de inventario Préstamos totales Renovaciones totales Signatura completa Código de barras Fecha última consulta Fecha último préstamo Coste, precio reemplazado Fecha del precio de reemplazo Tipo de item de Koha
NULL NULL Dewey Decimal Classification NULL NULL NULL Biblioteca Miguel de Cervantes - UNICAES Biblioteca Miguel de Cervantes - UNICAES Sala Principal 10/11/2015 Donación - ADESH 030920 13 5 N GAR cie 1035063 30/08/2018 30/08/2018 6.00 10/11/2015 1- Monografias